000 01391nam a22005537a 4500
003 OSt
005 20140310181930.0
008 130722t xxu||||| |||| 00| 0 eng d
020 _a0760935998
020 _a9780760935996
020 _a0760936005
020 _a9780760936009
020 _a0760936013
020 _a9780760936016
020 _a9780760936023
020 _a0760936021
020 _a9780760936030
020 _a076093603X
020 _a0760936048
020 _a9780760936047
020 _a0760936056
020 _a9780760936054
020 _a0760936064
050 _aAC 900
_b.C737 2006
082 _aTR 510
_bC73 2006
245 _aComprehensive Assessment mathematics strategies II
260 _aMA :
_bCurriculum Associates Inc,
_cc2006.
300 _bcoll. , ill. ;
_c31 cm.
521 _aFaculty
541 _j1
562 _e1
650 _2Mathematics
830 _aCAMS A
_92705
830 _aCAMS A
_92706
830 _aCAMS B
_92707
830 _aCAMS B
_92708
830 _aCAMS C
_92709
830 _aCAMS C
_92710
830 _aCAMS D
_92711
830 _aCAMS D
_92712
830 _aCAMS E
_92713
830 _aCAMS E
_92714
830 _aCAMS F
_92715
830 _aCAMS F
_92716
830 _aCAMS G
_92717
830 _aCAMS G
_92718
830 _aCAMS H
_92719
942 _2lcc
_cBK-TR
_kTR
999 _c7351
_d7351